Zásady pre lepší život chránené bývanie v Čenčiciach

Bibliographic Details
Main Author: Švajka, Slavomír (Author)
Format: Article
Language:Slovak
ISSN:1335-8197
Subjects:

MARC

LEADER 00000nab a2200000 ar4500
001 vtls009004624
003 SK-MaSNL
005 20260303065643.0
008 070702c2007 xo zr|p|||||||000 b|slo
015 |a SNBRB2007/07  |2 snkbucl 
038 |a SNKBUCL 
040 |a SNKBUCL  |b slo  |c SNKBUCL  |e AACR2 
041 0 |a slo 
044 |a xo  |c SK 
080 |a 364-787:365  |x (437.6)  |2 2001 
080 |a 365  |2 2001 
100 1 |a Švajka, Slavomír  |4 aut  |9 1066006 
245 1 0 |a Zásady pre lepší život  |b chránené bývanie v Čenčiciach  |c Slavomír Švajka 
610 2 7 |a Dom Charitas Svätej rodiny (Jánovce-Čenčice, Slovensko)  |2 snkbucl  |9 1066007 
650 0 7 |a chránené a podporované bývanie   |2 snkbucl  |9 30903 
651 7 |a Čenčice (Jánovce, Slovensko)  |2 snkbucl  |9 55717 
773 0 |t Informácie ZPMP v SR  |g Roč. XV., č. 1-2 (70) (2007), s. 24-25  |x 1335-8197 
852 |a SNK  |b KIS3GCP 
958 |a SK 
999 |c 1752062  |d 1753992